000 00404nam a22001337a 4500
082 _a220 PRO
100 _aSyed Aized Raza Naqvi
_9121137
245 _aPR-SOF-1406-AUTOMATION OF A PROSTHETIC ELBOW JOINT
260 _aISLAMABAD
_bNUST COLLEGE OF EME
_c2015
650 _aDE-MTS-33
700 _aDr Umar Ansari
_916112
856 _uhttp://10.250.8.41:8080/xmlui/handle/123456789/12425
942 _cCR
_2ddc
999 _c577933
_d577933